000 00503nam a2200157 i 4500
001 74500
003 ES-MaACL
005 20230906172144.0
007 t|
008 040920s1973 sp ||||1| spa d
100 1 _aGonzález Jiménez, Manuel.
_958734
245 1 3 _aEl concejo de Carmona a fines de la Edad Media (1464-1523) /
_cManuel González Jiménez.
260 _aSevilla :
_bDiputación Provincial de Sevilla,
_c1973.
300 _aXIII, 358 p. ;
_c24 cm.
852 _aES-MaACL
_jC-55065
_bR.88003
999 _c74500
_d74500